Breathing in the Treatment of Anxiety Neurosis and Polyalgic Syndrome

Bibliographic Details
Main Authors: Svobodová, J. (Author), Trnka, J. (Author)
Format: Article
Language:Slovak
English
ISSN:0039-3320
Subjects:

MARC

LEADER 00000nab a2200000 a 4500
001 vtls000645869
003 SK-MaSNL
005 20260304084558.0
008 250425c1997 xo 0 slo
015 |a SNBRB19rr/mm-uuuuu 
035 |a CL0646008 
035 |a urn:nbn:sk:snk-ab2sru 
035 |a (urnnbn)urn:nbn:sk:snk:ar-a02vyw 
035 |a (uuid)93eedc38-9432-4108-8e37-e0ab2b59b22e 
040 |a SNKBUCL  |b slo  |c SNKBUCL  |e AACR2 
041 0 |a eng 
044 |a xo  |c SK 
080 |a 159.952.3:159.913  |2 1981 
080 |a 159.913  |2 1981 
100 1 |a Svobodová, J.  |4 aut  |9 783027 
245 1 0 |a Breathing in the Treatment of Anxiety Neurosis and Polyalgic Syndrome  |c J. Svobodová, J. Trnka 
650 0 7 |a neurózy  |2 snkbucl  |9 2551 
650 0 7 |a dýchanie  |2 snkbucl  |9 16298 
655 7 |a články z novín a časopisov  |2 snkbucl  |9 267496 
700 1 |a Trnka, J.  |4 aut  |9 454742 
773 0 |t Studia psychologica  |g Roč. 39, č. 4 (1997), s. 328-329  |x 0039-3320 
850 |a Slovenská národná knižnica 
852 |a Slovenská národná knižnica 
958 |a article27 
958 |a RK 
958 |a OND 
958 |a EUIPO 
992 |a RBX 
999 |c 2804064  |d 2805994